[Event "BCF-chT2 0708 (4NCL)"]
[Site "Sunningdale"]
[Date "2008.05.04"]
[Round "10.2"]
[White "Cooper, John Grantley"]
[Black "Levermore, Peter"]
[Result "1-0"]
[WhiteElo "2352"]
[BlackElo "2143"]
[PlyCount "63"]
[EventDate "2007.09.15"]
[EventType "team-tourn"]
[EventRounds "11"]
[EventCountry "ENG"]
[SourceTitle "EXT 2023"]
[Source "ChessBase"]
[SourceDate "2022.10.05"]
[SourceVersion "1"]
[SourceVersionDate "2022.10.05"]
[SourceQuality "1"]
[WhiteTeam "SW Dragons"]
[BlackTeam "Barbican"]
[WhiteTeamCountry "ENG"]
[BlackTeamCountry "ENG"]

1. c4 c5 2. g3 Nc6 3. Bg2 g6 4. Nc3 Bg7 5. a3 Nf6 6. Rb1 0-0 7. b4 cxb4 8. axb4 d6 9. Nf3 Bf5 10. d3 Qc8 11. h3 Nd7 12. Nd5 Be6 13. Nf4 Nde5 14. Nxe5 Bxe5 15. Nxe6 Qxe6 16. b5 Nd8 17. 0-0 Qd7 18. Bb2 Bxb2 19. Rxb2 Ne6 20. Qd2 Nc5 21. d4 Ne6 22. Ra1 Rfc8 23. Ra4 a6 24. bxa6 Rxa6 25. Rab4 b6 26. h4 Ng7 27. Kh2 Rb8 28. c5 dxc5 29. dxc5 Qc7 30. cxb6 Raxb6 31. Rxb6 Rxb6 32. Rc2 1-0

[Event "BCF-chT2 0708 (4NCL)"]
[Site "Sunningdale"]
[Date "2008.05.03"]
[Round "9.4"]
[White "Levermore, Peter"]
[Black "Milovanovic, Aleksander"]
[Result "0-1"]
[WhiteElo "2143"]
[BlackElo "2237"]
[PlyCount "74"]
[EventDate "2007.09.15"]
[EventType "team-tourn"]
[EventRounds "11"]
[EventCountry "ENG"]
[SourceTitle "EXT 2023"]
[Source "ChessBase"]
[SourceDate "2022.10.05"]
[SourceVersion "1"]
[SourceVersionDate "2022.10.05"]
[SourceQuality "1"]
[WhiteTeam "Barbican"]
[BlackTeam "Oxford"]
[WhiteTeamCountry "ENG"]
[BlackTeamCountry "ENG"]

1. e4 Nc6 2. Nf3 d6 3. d4 Nf6 4. Nc3 g6 5. h3 Bg7 6. Bb5 0-0 7. Bg5 a6 8. Be2 b5 9. a3 h6 10. Be3 d5 11. e5 Ne4 12. Nd2 f5 13. exf6 Nxf6 14. Bd3 e5 15. dxe5 Nxe5 16. Nf3 Nxf3+ 17. Qxf3 Ne4 18. Bxe4 Bxc3+ 19. bxc3 Rxf3 20. Bxf3 Bf5 21. Rd1 c6 22. 0-0 Rc8 23. Rfe1 Qf8 24. Re2 Bxh3 25. Rde1 Re8 26. Kh2 Bf5 27. Ra1 Be4 28. Bg4 h5 29. Bh3 Qd6+ 30. g3 Qf6 31. Bd4 Qf3 32. Rd2 h4 33. Re1 Re7 34. Rde2 hxg3+ 35. fxg3 Rh7 36. Re3 Rxh3+ 37. Kxh3 Qh5# 0-1

[Event "BCF-chT2 0708 (4NCL)"]
[Site "Sunningdale"]
[Date "2008.03.02"]
[Round "8.5"]
[White "Poobalasingam, Peter"]
[Black "Levermore, Peter"]
[Result "0-1"]
[WhiteElo "2165"]
[BlackElo "2120"]
[PlyCount "52"]
[EventDate "2007.09.15"]
[EventType "team-tourn"]
[EventRounds "11"]
[EventCountry "ENG"]
[SourceTitle "EXT 2023"]
[Source "ChessBase"]
[SourceDate "2022.10.05"]
[SourceVersion "1"]
[SourceVersionDate "2022.10.05"]
[SourceQuality "1"]
[WhiteTeam "Bristol"]
[BlackTeam "Barbican"]
[WhiteTeamCountry "ENG"]
[BlackTeamCountry "ENG"]

1. e4 c6 2. d4 d5 3. f3 dxe4 4. fxe4 e5 5. Nf3 Bg4 6. Bc4 Bh5 7. c3 Nd7 8. 0-0 Ngf6 9. Bg5 Qb6 10. Nbd2 Be7 11. Bb3 0-0-0 12. Qc2 Qc7 13. Nc4 exd4 14. Nxd4 Nc5 15. Nf5 Ncxe4 16. Bf4 Qd7 17. Nxg7 Bc5+ 18. Kh1 Bg6 19. Ne5 Qe7 20. Rae1 Bd6 21. Nxf7 Bxf4 22. Nxd8 Rxd8 23. Be6+ Kb8 24. Bf5 Qxg7 25. Rxf4 Bxf5 26. Rxf5 Rd2 0-1

[Event "BCF-chT2 0708 (4NCL)"]
[Site "Sunningdale"]
[Date "2008.01.12"]
[Round "5.4"]
[White "Levermore, Peter"]
[Black "Van de Griendt, Jan Willem"]
[Result "1-0"]
[WhiteElo "2120"]
[BlackElo "2358"]
[PlyCount "55"]
[EventDate "2007.09.15"]
[EventType "team-tourn"]
[EventRounds "11"]
[EventCountry "ENG"]
[SourceTitle "EXT 2023"]
[Source "ChessBase"]
[SourceDate "2022.10.05"]
[SourceVersion "1"]
[SourceVersionDate "2022.10.05"]
[SourceQuality "1"]
[WhiteTeam "Barbican"]
[BlackTeam "White Rose"]
[WhiteTeamCountry "ENG"]
[BlackTeamCountry "ENG"]

1. e4 e6 2. d4 d5 3. Nc3 Bb4 4. e5 b6 5. a3 Bf8 6. Nf3 Ba6 7. Bxa6 Nxa6 8. Qd3 Nb8 9. 0-0 Ne7 10. Ne2 Nf5 11. Ng3 Nxg3 12. hxg3 Be7 13. Re1 0-0 14. g4 c5 15. c3 a5 16. g3 Nd7 17. Kg2 Re8 18. Rh1 Nf8 19. Be3 Qc8 20. Rh5 cxd4 21. Bxd4 Bc5 22. Rah1 g6 23. Rh6 Bxd4 24. cxd4 Qd8 25. g5 Rc8 26. Qe3 Rc2 27. Nh2 f5 28. gxf6 1-0

[Event "BCF-chT2 0607 (4NCL)"]
[Site "Sunningdale"]
[Date "2007.05.05"]
[Round "9.54"]
[White "White, Michael JR"]
[Black "Levermore, Peter"]
[Result "0-1"]
[WhiteElo "2260"]
[BlackElo "2105"]
[PlyCount "84"]
[EventDate "2006.09.16"]
[EventType "team"]
[EventRounds "11"]
[EventCountry "ENG"]
[SourceTitle "EXT 2008"]
[Source "ChessBase"]
[SourceDate "2007.11.25"]
[SourceVersion "1"]
[SourceVersionDate "2007.11.25"]
[SourceQuality "1"]
[WhiteTeam "Oxford"]
[BlackTeam "Barbican Youth"]
[WhiteTeamCountry "ENG"]
[BlackTeamCountry "ENG"]

1. e4 c6 2. d4 d5 3. exd5 cxd5 4. c4 Nf6 5. Nc3 Nc6 6. Bg5 Be6 7. Qd2 Qd7 8. g3 0-0-0 9. 0-0-0 h6 10. Bxf6 exf6 11. Bg2 Bb4 12. Nge2 Qc7 13. c5 Bg4 14. Rde1 g5 15. a3 Ba5 16. b4 Nxb4 17. axb4 Bxb4 18. Qc2 Qa5 19. Kd2 Rhe8 20. f3 Bh5 21. Ra1 Qb5 22. Nc1 Bg6 23. Bh3+ Kb8 24. Bf1 Qd7 25. Qa4 Qe6 26. Nd3 Qe3+ 27. Kc2 a5 28. Rd1 Qxd4 29. Qb3 Qf2+ 30. Kc1 Qxf3 31. Nxb4 axb4 32. Qxb4 Re3 33. Ne2 Rb3 34. Qa5 Rb1+ 35. Kd2 Qd3+ 36. Ke1 Rxd1+ 37. Kf2 Re8 38. c6 Qe3+ 39. Kg2 Be4+ 40. Kh3 g4+ 41. Kxg4 Qg5+ 42. Kh3 Qh5# 0-1

[Event "BCF-chT2 0607 (4NCL)"]
[Site "Sunningdale"]
[Date "2007.01.14"]
[Round "6.6"]
[White "Levermore, Peter"]
[Black "Clark Foulquier, Stephen Philip"]
[Result "1-0"]
[WhiteElo "2104"]
[BlackElo "2138"]
[PlyCount "39"]
[EventDate "2006.09.16"]
[EventType "team"]
[EventRounds "11"]
[EventCountry "ENG"]
[SourceTitle "EXT 2008"]
[Source "ChessBase"]
[SourceDate "2007.11.25"]
[SourceVersion "1"]
[SourceVersionDate "2007.11.25"]
[SourceQuality "1"]
[WhiteTeam "Barbican Youth"]
[BlackTeam "Warwicks Select"]
[WhiteTeamCountry "ENG"]
[BlackTeamCountry "ENG"]

1. e4 d5 2. exd5 Nf6 3. d4 Bg4 4. Nf3 Qxd5 5. Be2 Nc6 6. 0-0 0-0-0 7. c4 Qh5 8. Nc3 e5 9. h3 exd4 10. hxg4 Nxg4 11. Nd5 Rxd5 12. cxd5 Bd6 13. Re1 Bh2+ 14. Kf1 Bd6 15. Bd3 Qh1+ 16. Ke2 Re8+ 17. Kd2 Rxe1 18. Nxe1 Nxf2 19. Qe2 Bb4+ 20. Kc2 1-0

[Event "BCF-chT2 0506 (4NCL)"]
[Site "Birmingham"]
[Date "2006.05.01"]
[Round "11.5"]
[White "Levermore, Peter"]
[Black "Van Delft, Merijn"]
[Result "0-1"]
[WhiteElo "2086"]
[BlackElo "2372"]
[PlyCount "58"]
[EventDate "2005.10.22"]
[EventType "team"]
[EventRounds "11"]
[EventCountry "ENG"]
[SourceTitle "EXT 2007"]
[Source "ChessBase"]
[SourceDate "2006.11.23"]
[SourceVersion "1"]
[SourceVersionDate "2006.11.23"]
[SourceQuality "1"]
[WhiteTeam "PYO"]
[BlackTeam "Guildford III"]
[WhiteTeamCountry "ENG"]
[BlackTeamCountry "ENG"]

1. e4 g6 2. d4 Bg7 3. Nf3 d6 4. Nc3 a6 5. a4 b6 6. Bg5 Bb7 7. Bc4 Nd7 8. 0-0 h6 9. Bh4 g5 10. Bg3 e6 11. Re1 Ne7 12. Qd2 Ng6 13. Rad1 g4 14. e5 d5 15. Bxd5 exd5 16. e6 gxf3 17. exd7+ Kxd7 18. Qd3 Kc8 19. Qxf3 Qd7 20. Qh5 Bc6 21. b4 b5 22. axb5 axb5 23. Be5 Rg8 24. Bxg7 Rxg7 25. Qxh6 Rg8 26. Rd3 Qd6 27. Qh7 Rh8 28. Qxf7 Qxh2+ 29. Kf1 Nf4 0-1

[Event "BCF-chT2 0506 (4NCL)"]
[Site "Birmingham"]
[Date "2006.04.29"]
[Round "9.5"]
[White "Levermore, Peter"]
[Black "James, David J"]
[Result "1/2-1/2"]
[WhiteElo "2086"]
[BlackElo "2222"]
[PlyCount "84"]
[EventDate "2005.10.22"]
[EventType "team"]
[EventRounds "11"]
[EventCountry "ENG"]
[SourceTitle "EXT 2007"]
[Source "ChessBase"]
[SourceDate "2006.11.23"]
[SourceVersion "1"]
[SourceVersionDate "2006.11.23"]
[SourceQuality "1"]
[WhiteTeam "PYO"]
[BlackTeam "SW Dragons"]
[WhiteTeamCountry "ENG"]
[BlackTeamCountry "ENG"]

1. e4 c5 2. c3 d5 3. exd5 Qxd5 4. d4 Nf6 5. Nf3 e6 6. Be2 cxd4 7. cxd4 Nc6 8. Nc3 Qd8 9. 0-0 Be7 10. Be3 0-0 11. Ne5 Nb4 12. Rc1 Nbd5 13. Bf3 a6 14. Qb3 Re8 15. Bg5 Nxc3 16. bxc3 Nd5 17. Bd2 f6 18. Nd3 b5 19. Nf4 Bb7 20. Nxe6 Qd7 21. Nf4 Rad8 22. Rfe1 g5 23. Nxd5 Bxd5 24. Bxd5+ Qxd5 25. Qxd5+ Rxd5 26. Re6 Rd6 27. Rce1 Kf7 28. R6e4 Rd7 29. h3 Rc8 30. Re6 Bd6 31. g3 Rc4 32. R6e2 Ra4 33. Ra1 Bc7 34. Be1 Ba5 35. Rc2 Rc7 36. Rac1 Rac4 37. Kf1 Ke6 38. Ke2 Kd5 39. Kd3 b4 40. f3 bxc3 41. Bxc3 Bxc3 42. Rxc3 Rxd4+ 1/2-1/2

[Event "BCF-chT2 0506 (4NCL)"]
[Site "Birmingham"]
[Date "2006.01.14"]
[Round "5.5"]
[White "Levermore, Peter"]
[Black "Gayson, Peter"]
[Result "1-0"]
[WhiteElo "2086"]
[BlackElo "2233"]
[PlyCount "74"]
[EventDate "2005.10.22"]
[EventType "team"]
[EventRounds "11"]
[EventCountry "ENG"]
[SourceTitle "EXT 2007"]
[Source "ChessBase"]
[SourceDate "2006.11.23"]
[SourceVersion "1"]
[SourceVersionDate "2006.11.23"]
[SourceQuality "1"]
[WhiteTeam "PYO"]
[BlackTeam "White Rose"]
[WhiteTeamCountry "ENG"]
[BlackTeamCountry "ENG"]

1. e4 c5 2. c3 d5 3. exd5 Qxd5 4. d4 Nc6 5. Nf3 Bg4 6. Be2 0-0-0 7. 0-0 Nf6 8. h3 Bh5 9. Be3 e5 10. c4 Qd7 11. d5 Bxf3 12. Bxf3 Nd4 13. Nc3 Kb8 14. a3 Rg8 15. b4 g5 16. bxc5 Bxc5 17. Rb1 g4 18. hxg4 Nxg4 19. Ne4 Qf5 20. Rxb7+ Kxb7 21. Nxc5+ Kc8 22. Bxd4 Qh5 23. Bxg4+ Rxg4 24. Bxe5 Rdg8 25. Bg3 Rh4 26. Bxh4 Qxh4 27. Qf3 Qxc4 28. Qf5+ Kb8 29. Rb1+ Ka8 30. Qxf7 Rxg2+ 31. Kxg2 Qg4+ 32. Kf1 Qc4+ 33. Kg1 Qg4+ 34. Kf1 Qc4+ 35. Ke1 Qc3+ 36. Ke2 Qc2+ 37. Ke3 Qxc5+ 1-0

[Event "BCF-chT2 0304 (4NCL)"]
[Site "West Bromwich"]
[Date "2004.03.21"]
[Round "6.7"]
[White "Levermore, Peter"]
[Black "Buckley, David"]
[Result "0-1"]
[WhiteElo "2066"]
[BlackElo "2203"]
[PlyCount "80"]
[EventDate "2003.11.17"]
[EventType "team"]
[EventRounds "11"]
[EventCountry "ENG"]
[SourceTitle "EXT 2005"]
[Source "ChessBase"]
[SourceDate "2004.11.15"]
[SourceVersion "1"]
[SourceVersionDate "2004.11.15"]
[SourceQuality "1"]
[WhiteTeam "PYO"]
[BlackTeam "Bristol"]
[WhiteTeamCountry "ENG"]
[BlackTeamCountry "ENG"]

1. e4 c5 2. c3 Nf6 3. e5 Nd5 4. d4 cxd4 5. Nf3 Nc6 6. Bc4 Nb6 7. Bb3 d5 8. cxd4 Bg4 9. h3 Bxf3 10. gxf3 e6 11. Nc3 Bb4 12. f4 f5 13. 0-0 Bxc3 14. bxc3 Na5 15. Ba3 Qh4 16. Qf3 Nac4 17. Bc1 0-0 18. a4 Rfc8 19. a5 Nd7 20. Rb1 b6 21. Bxc4 Rxc4 22. Rb4 Rac8 23. Rxc4 Rxc4 24. axb6 Nxb6 25. Ba3 Na4 26. Rb1 Qd8 27. Rb7 Rc7 28. Rxc7 Qxc7 29. Bb4 a5 30. Qd1 Nb2 31. Qb3 axb4 32. Qxb2 bxc3 33. Qc2 Qc4 34. Kg2 Qxd4 35. Kg3 Qc4 36. Qb1 h6 37. Qb8+ Kh7 38. Qe8 c2 39. Qxe6 Qd3+ 40. Kh4 c1Q 0-1

[Event "BCF-chT2 0304 (4NCL)"]
[Site "West Bromwich"]
[Date "2004.03.20"]
[Round "5.7"]
[White "Addis, Mark"]
[Black "Levermore, Peter"]
[Result "0-1"]
[WhiteElo "1864"]
[BlackElo "2066"]
[PlyCount "44"]
[EventDate "2003.11.17"]
[EventType "team"]
[EventRounds "11"]
[EventCountry "ENG"]
[SourceTitle "EXT 2005"]
[Source "ChessBase"]
[SourceDate "2004.11.15"]
[SourceVersion "1"]
[SourceVersionDate "2004.11.15"]
[SourceQuality "1"]
[WhiteTeam "Micro Mark NWE II"]
[BlackTeam "PYO"]
[WhiteTeamCountry "ENG"]
[BlackTeamCountry "ENG"]

1. d4 g6 2. c4 Bg7 3. Nc3 d6 4. e4 Nd7 5. Be3 e5 6. d5 Ne7 7. g4 0-0 8. Qd2 f5 9. gxf5 gxf5 10. f3 fxe4 11. fxe4 Nf6 12. Be2 Ng4 13. Bxg4 Bxg4 14. Nge2 Ng6 15. 0-0-0 Rf3 16. Rdg1 Qh4 17. Kb1 a6 18. Bg5 Qh3 19. Rg3 Rxg3 20. Nxg3 Rf8 21. Be3 Nh4 22. Bh6 Nf3 0-1

[Event "Durham op 23rd"]
[Site "Durham"]
[Date "2002.04.07"]
[Round "4"]
[White "Zdjelar, Dusan"]
[Black "Levermore, Peter"]
[Result "1-0"]
[WhiteElo "2194"]
[BlackElo "2066"]
[PlyCount "41"]
[EventDate "2002.04.05"]
[EventType "swiss"]
[EventRounds "5"]
[EventCountry "ENG"]
[SourceTitle "EXT 2003"]
[Source "ChessBase"]
[SourceDate "2002.11.25"]
[SourceVersion "1"]
[SourceVersionDate "2002.11.25"]
[SourceQuality "1"]

1. e4 c5 2. Nc3 Nc6 3. Nf3 d6 4. d4 cxd4 5. Nxd4 Nf6 6. Bc4 e6 7. Bg5 Be7 8. Qd2 0-0 9. 0-0-0 a6 10. Bb3 Na5 11. f4 b5 12. e5 dxe5 13. fxe5 Nxb3+ 14. axb3 Nd5 15. Bxe7 Nxe7 16. h4 Bb7 17. h5 Nc6 18. Qf4 Nxd4 19. Rxd4 Qe7 20. h6 g6 21. Rd7 1-0

[Event "Durham op 23rd"]
[Site "Durham"]
[Date "2002.04.06"]
[Round "2"]
[White "Addison, Bret"]
[Black "Levermore, Peter"]
[Result "1/2-1/2"]
[WhiteElo "2218"]
[BlackElo "2066"]
[PlyCount "51"]
[EventDate "2002.04.05"]
[EventType "swiss"]
[EventRounds "5"]
[EventCountry "ENG"]
[SourceTitle "EXT 2003"]
[Source "ChessBase"]
[SourceDate "2002.11.25"]
[SourceVersion "1"]
[SourceVersionDate "2002.11.25"]
[SourceQuality "1"]

1. d4 g6 2. e4 Bg7 3. Nc3 c5 4. d5 d6 5. Nf3 Nf6 6. Bb5+ Bd7 7. a4 0-0 8. 0-0 e5 9. dxe6 Bxe6 10. Ng5 Nc6 11. Nxe6 fxe6 12. Bxc6 bxc6 13. Bg5 Qb8 14. Qd3 d5 15. f4 c4 16. Qh3 Re8 17. e5 Nd7 18. Rab1 Qb6+ 19. Kh1 Nc5 20. Qf3 Rab8 21. Bh4 d4 22. Ne4 Nxe4 23. Qxe4 c5 24. Rfd1 Qb7 25. Qe1 Qd5 26. Qa5 1/2-1/2

[Event "BCF-chT2 0102 (4NCL)"]
[Site "Birmingham"]
[Date "2002.01.19"]
[Round "5.8"]
[White "Headlong, Fenella"]
[Black "Levermore, Peter"]
[Result "0-1"]
[WhiteElo "1656"]
[BlackElo "2066"]
[PlyCount "98"]
[EventDate "2001.09.22"]
[EventType "team"]
[EventRounds "11"]
[EventCountry "ENG"]
[SourceTitle "EXT 2003"]
[Source "ChessBase"]
[SourceDate "2002.11.25"]
[SourceVersion "1"]
[SourceVersionDate "2002.11.25"]
[SourceQuality "1"]
[WhiteTeam "Warwicks Select"]
[BlackTeam "PYO"]
[WhiteTeamCountry "ENG"]
[BlackTeamCountry "ENG"]

1. e4 c6 2. d4 d5 3. exd5 cxd5 4. Bd3 Nc6 5. c3 Nf6 6. Bf4 Bg4 7. Qb3 Qd7 8. h3 Bh5 9. Nd2 e6 10. Ngf3 Bd6 11. Bxd6 Qxd6 12. g4 Bg6 13. Bxg6 hxg6 14. 0-0-0 Rb8 15. Ne5 Nxe5 16. dxe5 Qxe5 17. Qb5+ Nd7 18. Rhe1 Qd6 19. Ne4 Qc6 20. Qxc6 bxc6 21. Ng5 Nf6 22. f4 0-0 23. Rd3 Rfe8 24. Rg3 c5 25. h4 d4 26. c4 Red8 27. b3 Rb7 28. Re5 Rc7 29. Kd2 Re8 30. Re2 Rce7 31. Ne4 Nxe4+ 32. Rxe4 e5 33. f5 gxf5 34. gxf5 f6 35. h5 Kh7 36. Rg6 Rh8 37. Kd3 Kg8 38. Rh4 e4+ 39. Rxe4 Rxe4 40. Kxe4 Rxh5 41. b4 cxb4 42. c5 Rh2 43. Kxd4 Rxa2 44. Kc4 a5 45. Rg1 Rc2+ 46. Kb5 b3 47. c6 b2 48. Rb1 Kf7 49. Kb6 a4 0-1

[Event "BCF-chT2 0102 (4NCL)"]
[Site "Birmingham"]
[Date "2001.09.22"]
[Round "1.8"]
[White "Summerscale, Claire"]
[Black "Levermore, Peter"]
[Result "1-0"]
[WhiteElo "1800"]
[BlackElo "2066"]
[PlyCount "67"]
[EventDate "2001.09.22"]
[EventType "team"]
[EventRounds "11"]
[EventCountry "ENG"]
[SourceTitle "EXT 2003"]
[Source "ChessBase"]
[SourceDate "2002.11.25"]
[SourceVersion "1"]
[SourceVersionDate "2002.11.25"]
[SourceQuality "1"]
[WhiteTeam "NW Eagles"]
[BlackTeam "PYO"]
[WhiteTeamCountry "ENG"]
[BlackTeamCountry "ENG"]

1. d4 g6 2. e4 Bg7 3. Nf3 d6 4. c3 Nf6 5. Bd3 0-0 6. 0-0 c6 7. Bg5 Qc7 8. Nbd2 Nbd7 9. a4 e5 10. dxe5 Nxe5 11. Nxe5 dxe5 12. Nc4 Be6 13. Qf3 Ne8 14. Rfd1 Rb8 15. Be3 b6 16. b4 f5 17. Qe2 f4 18. Bc1 Rd8 19. Ba3 Qf7 20. Nd2 g5 21. h3 h5 22. Bc4 g4 23. Bxe6 Qxe6 24. hxg4 hxg4 25. Qc4 Kf7 26. Qxe6+ Kxe6 27. Nc4 Nf6 28. f3 g3 29. b5 c5 30. a5 Rxd1+ 31. Rxd1 Rb8 32. axb6 axb6 33. Rd6+ Ke7 34. Rxb6 1-0

[Event "BCF-chT2 0001 (4NCL)"]
[Site "Birmingham"]
[Date "2000.09.23"]
[Round "1.7"]
[White "Ward, Julian T"]
[Black "Levermore, Peter"]
[Result "1-0"]
[WhiteElo "2128"]
[BlackElo "2072"]
[PlyCount "93"]
[EventDate "2000.11.26"]
[EventType "team"]
[EventRounds "11"]
[EventCountry "ENG"]
[SourceTitle "CBM 079 Extra"]
[Source "ChessBase"]
[SourceDate "2001.01.11"]
[SourceVersion "2"]
[SourceVersionDate "2001.01.25"]
[SourceQuality "1"]
[WhiteTeam "Kigns Head"]
[BlackTeam "PER"]
[WhiteTeamCountry "ENG"]
[BlackTeamCountry "ENG"]

1. Nf3 g6 2. c4 Bg7 3. Nc3 d6 4. g3 Nd7 5. Bg2 Ngf6 6. 0-0 0-0 7. d4 c6 8. b3 Re8 9. Qc2 c5 10. Rd1 Rb8 11. Bb2 b6 12. Rac1 Bb7 13. e4 cxd4 14. Nxd4 a6 15. h3 Qc7 16. Qb1 Ne5 17. f4 Nc6 18. Nd5 Qd8 19. e5 Nxd5 20. Nxc6 Bxc6 21. cxd5 Bd7 22. Qd3 Rc8 23. Bd4 b5 24. Qe3 Qa5 25. Rxc8 Rxc8 26. Rd2 Qb4 27. Kh2 h5 28. e6 fxe6 29. dxe6 Bc6 30. Bxg7 Kxg7 31. Rc2 Bb7 32. Rxc8 Bxc8 33. f5 Qc5 34. Qg5 Qxf5 35. Qxe7+ Kh6 36. Qe8 Qe5 37. Qf8+ Kh7 38. Qxc8 h4 39. Qc7+ Kh6 40. Qc1+ Kh7 41. Qc7+ Kh6 42. Qc1+ g5 43. Kh1 hxg3 44. h4 Kh7 45. hxg5 Qxe6 46. Qc2+ Kg7 47. Qc3+ 1-0

[Event "Hallsberg op 9900 35th"]
[Site "Hallsberg"]
[Date "2000.??.??"]
[Round "7"]
[White "Levermore, Peter"]
[Black "Hersvik, Daniel"]
[Result "1-0"]
[WhiteElo "2081"]
[BlackElo "2187"]
[PlyCount "105"]
[EventDate "1999.??.??"]
[EventType "swiss"]
[EventRounds "9"]
[EventCountry "SWE"]
[SourceTitle "EXT 2001"]
[Source "ChessBase"]
[SourceDate "2000.11.22"]
[SourceVersion "1"]
[SourceVersionDate "2000.11.22"]
[SourceQuality "1"]

1. e4 d5 2. exd5 Nf6 3. Nc3 Nxd5 4. Nxd5 Qxd5 5. d4 Nc6 6. Nf3 Bg4 7. Be2 0-0-0 8. c3 e5 9. h3 Bh5 10. c4 Qa5+ 11. Bd2 Bb4 12. d5 e4 13. Bxb4 Nxb4 14. Nd2 Bxe2 15. Kxe2 Qa6 16. Qb3 Nxd5 17. Nxe4 Rhe8 18. Kf3 Qg6 19. cxd5 Qxe4+ 20. Kg3 Rxd5 21. Kh2 Rd3 22. Qxf7 Qe5+ 23. f4 Qe3 24. Rhd1 Rdd8 25. Rxd8+ Rxd8 26. Qf5+ Kb8 27. Rd1 Re8 28. Rd7 g6 29. Qf6 b6 30. Rxh7 Qc1 31. Rh8 Rxh8 32. Qxh8+ Kb7 33. Qe5 Qb1 34. a3 c5 35. Qd5+ Ka6 36. Qc4+ Kb7 37. Qd5+ Kc7 38. Qe5+ Kc6 39. Qe6+ Kb5 40. Qb3+ Ka5 41. Qc3+ Kb5 42. g4 a5 43. a4+ Kc6 44. Qf6+ Kd5 45. Qe5+ Kc4 46. Qc3+ Kd5 47. Kg3 Qg1+ 48. Kh4 Ke4 49. Qe5+ Kf3 50. f5 Qf2+ 51. Kg5 Qd4 52. Qxd4 cxd4 53. f6 1-0

[Event "Smith & Williamson YM-B 8th"]
[Site "Witley"]
[Date "1998.07.22"]
[Round "5"]
[White "Anguelov, Iva"]
[Black "Levermore, Peter"]
[Result "0-1"]
[WhiteElo "1888"]
[BlackElo "2090"]
[PlyCount "111"]
[EventDate "1998.07.20"]
[EventType "swiss"]
[EventRounds "11"]
[EventCountry "ENG"]
[SourceTitle "EXT 1999"]
[Source "ChessBase"]
[SourceDate "1998.11.16"]
[SourceVersion "1"]
[SourceVersionDate "1998.11.16"]
[SourceQuality "1"]

1. e4 c6 2. d4 d5 3. Nd2 dxe4 4. Nxe4 Bf5 5. Ng3 Bg6 6. Nf3 Nd7 7. Bd3 e6 8. Bf4 Ngf6 9. 0-0 Nd5 10. Bg5 Be7 11. Bxe7 Qxe7 12. Qd2 Bxd3 13. Qxd3 0-0-0 14. c3 h5 15. b4 g5 16. Ne4 g4 17. Ne5 Nxb4 18. Qc4 Nxe5 19. dxe5 Nd5 20. Nd6+ Kb8 21. Rab1 Nb6 22. Qb4 f6 23. c4 c5 24. Qxc5 fxe5 25. Rfd1 Nxc4 26. Nxb7 Rxd1+ 27. Rxd1 Qxc5 28. Nxc5 Kc7 29. Nxe6+ Kc6 30. Kf1 Rh6 31. Ng7 h4 32. Ke2 Rf6 33. Rd8 Rd6 34. Rc8+ Kb5 35. a4+ Kb4 36. Nf5 Rd2+ 37. Ke1 Rc2 38. Nxh4 Rc1+ 39. Ke2 Rc2+ 40. Kd3 Rd2+ 41. Ke4 Re2+ 42. Kd3 Rd2+ 43. Ke4 Rxf2 44. Rg8 Rf4+ 45. Kd3 Rd4+ 46. Ke2 Kxa4 47. g3 Rd2+ 48. Ke1 Rxh2 49. Rxg4 Kb3 50. Nf3 Rg2 51. Rg5 a5 52. Nxe5 Nxe5 53. Rxe5 a4 54. Re3+ Kb2 55. Kf1 Rc2 56. Re8 0-1

[Event "Smith & Williamson YM-B 8th"]
[Site "Witley"]
[Date "1998.07.20"]
[Round "1"]
[White "Edmans, Alex"]
[Black "Levermore, Peter"]
[Result "1/2-1/2"]
[WhiteElo "1808"]
[BlackElo "2090"]
[PlyCount "100"]
[EventDate "1998.07.20"]
[EventType "swiss"]
[EventRounds "11"]
[EventCountry "ENG"]
[SourceTitle "EXT 1999"]
[Source "ChessBase"]
[SourceDate "1998.11.16"]
[SourceVersion "1"]
[SourceVersionDate "1998.11.16"]
[SourceQuality "1"]

1. d4 Nf6 2. Bg5 Ne4 3. Bf4 d5 4. f3 Nf6 5. e4 e6 6. e5 Nfd7 7. Be3 c5 8. c3 Nc6 9. f4 Qb6 10. Qd2 Be7 11. Nf3 f6 12. Bd3 c4 13. Be2 Qc7 14. 0-0 0-0 15. Qc2 b5 16. Nbd2 a5 17. b3 Nb6 18. Rfb1 Bd7 19. Nf1 Rfc8 20. Bd2 Nd8 21. Ne3 Rab8 22. f5 b4 23. fxe6 Bxe6 24. bxc4 bxc3 25. Bxc3 Nxc4 26. Bxc4 dxc4 27. Rxb8 Rxb8 28. exf6 Bxf6 29. d5 Qc5 30. Bxf6 Qxe3+ 31. Kh1 Bxd5 32. Re1 Qc5 33. Ng5 Bxg2+ 34. Qxg2 Qc6 35. Qxc6 Nxc6 36. Bc3 h6 37. Ne6 g5 38. Nd4 Nxd4 39. Bxd4 Kf7 40. Re5 a4 41. Rc5 Rb1+ 42. Kg2 Rc1 43. Kg3 Rc2 44. a3 Ra2 45. Rxc4 Rxa3+ 46. Rc3 Ra2 47. Bc5 Ke6 48. Ra3 Rc2 49. Bf8 h5 50. Rxa4 Rc3+ 1/2-1/2

[Event "Hull Congress op"]
[Site "Hull"]
[Date "1996.09.13"]
[Round "1"]
[White "Levermore, Peter"]
[Black "Crouch, Colin S"]
[Result "0-1"]
[WhiteElo "2035"]
[BlackElo "2375"]
[PlyCount "82"]
[EventDate "1996.09.13"]
[EventType "swiss"]
[EventRounds "5"]
[EventCountry "ENG"]
[SourceTitle "EXT 2002"]
[Source "ChessBase"]
[SourceDate "2001.11.25"]
[SourceVersion "1"]
[SourceVersionDate "2001.11.25"]
[SourceQuality "1"]

1. e4 c5 2. c3 Nf6 3. e5 Nd5 4. d4 cxd4 5. Nf3 e6 6. cxd4 b6 7. Bd3 Ba6 8. a3 Be7 9. 0-0 0-0 10. Nc3 Nxc3 11. bxc3 Bxd3 12. Qxd3 d5 13. exd6 Qxd6 14. a4 Nc6 15. Ba3 Qc7 16. Bxe7 Qxe7 17. Rfe1 Rac8 18. c4 Rfd8 19. Rac1 Nxd4 20. Nxd4 Qf6 21. Red1 e5 22. Qf3 Rxd4 23. Qxf6 Rxd1+ 24. Rxd1 gxf6 25. Rc1 f5 26. Kf1 Kg7 27. Ke2 Kf6 28. Kd3 Rg8 29. g3 e4+ 30. Ke3 Rc8 31. f3 Ke5 32. fxe4 fxe4 33. Rc2 f5 34. Rc3 h5 35. Rc2 h4 36. gxh4 f4+ 37. Kf2 Rh8 38. a5 Rxh4 39. Kg2 Kd4 40. axb6 axb6 41. Rb2 Rh6 0-1